000 00689nam a22001817a 4500
999 _c17929
_d17929
003 AR-CdUCM
008 190510b ||||| |||| 00| 0 spa d
040 _aMUNICIPALIDAD PROVINCIAL DEL CUSCO
_cBIBLIOTECA MUNICIPAL DEL CUSCO
082 _29ed.
_a744.4 /
_bM72
100 _aMoia, José Luis
_938192
245 _aDibujo arquitectónico /
260 _aBuenos Aires :
_bWindsor,
_c1959.
300 _a314 páginas ;
_bIlustraciones,
_c23 cm.
505 _aContenido: Instrumentos y materiales -- Proyecciones -- Teoría de la luz y de la sombra -- Perspectiva paralela -- Dibujo de letras...
650 _aDibujo arquitectónico
_938193
942 _2ddc
_cLIBROS
945 _aacv
_d2019-05-10